Formule 1 - Circuits (Carte Quiz) - Statistiques

Statistiques générales
  • Ce quiz a été pris 1 195 fois
  • Le résultat moyen est 15 sur 23
Réponses sur la Carte
Les réponses sont colorées sur une échelle allant du rouge au vert en fonction du pourcentage des utilisateurs qui les ont devinées à leur premier essai. Vous pouvez retrouver ces pourcentages ci-dessous.
 
Statistiques - réponses
Réponse % Correct
Barcelone
85%
Miami / Austin / Las Vegas
84%
Imola / Monza
83%
Melbourne
82%
Montréal
79%
Mexico
78%
São Paulo
78%
Silverstone
78%
Shanghai
77%
Spa-Francorchamps
76%
Suzuka
76%
Le Castellet
73%
Portimão
70%
Budapest
66%
Zandvoort
66%
Bakou
58%
Djeddah
58%
Spielberg
56%
Monaco
44%
Singapour
36%
Yas Marina
36%
Losail
29%
Sakhir
19%
Aucun quiz correspondant
Distribution des résultats
% des personnes avec chaque résultat
Percentile par nombre de réponses
Votre historique - résultats
Vous n’avez pas pris ce quiz